Encyclopaedic Dictionary of Telecommunication (Record no. 1599)

MARC details
000 -LEADER
fixed length control field 00366nam a2200145Ia 4500
008 - FIXED-LENGTH DATA ELEMENTS--GENERAL INFORMATION
fixed length control field 230312s9999||||xx |||||||||||||| ||und||
020 ## - INTERNATIONAL STANDARD BOOK NUMBER
International Standard Book Number 81-7880-307-4
082 ## - DEWEY DECIMAL CLASSIFICATION NUMBER
Classification number 621.3803
Item number SHU-E
245 #0 - TITLE STATEMENT
Title Encyclopaedic Dictionary of Telecommunication
260 ## - PUBLICATION, DISTRIBUTION, ETC.
Name of publisher, distributor, etc. Rajat Publications
Place of publication, distribution, etc. India
Date of publication, distribution, etc. 2008
300 ## - PHYSICAL DESCRIPTION
Extent 258
546 ## - LANGUAGE NOTE
Language note Eng.
650 ## - SUBJECT ADDED ENTRY--TOPICAL TERM
Topical term or geographic name entry element Engineering
942 ## - ADDED ENTRY ELEMENTS (KOHA)
Koha item type BOOK
Holdings
Withdrawn status Lost status Source of classification or shelving scheme Damaged status Not for loan Home library Current library Date acquired Total Checkouts Full call number Barcode Date last seen Price effective from Koha item type
    Dewey Decimal Classification     Superior Information Resource Center (SIRC) Superior University- Central Library Superior Information Resource Center (SIRC) Superior University- Central Library 03/13/2023   621.3803 SHU-E 1609 03/13/2023 03/13/2023 BOOK

Powered by Koha